000 00320nam a22001457a 4500
999 _c12149
_d12149
020 _a978-93-325-7558-5
082 _a150.28
100 _aAnne Anastasi
245 _aPsychological Testing
250 _a7th Edition
260 _aNew York
_bPearson
_c2017
300 _a628
650 _aPsychology
942 _cBK